• 首页
  • 本馆介绍
  • 公告通知
  • 最新文献
  • 馆藏检索
  • 电子资源
  • 读者导购
  • 参考咨询
  • 我的图书馆
  • 登录
  • 详细信息显示
  • 放入我的书架
  • 预约/预借图书
  • 作者相关作品
  • 分类相关作品
  • 丛书相关作品
  • 出版社相关作品

书目信息

  • 表格格式
  • 工作单格式
  • 卡片格式
题名:
实用运动生理学
    
 
作者: Berge , 伯杰 著 ;周石 译
分册:  
出版信息: 北京   人民出版社  1985
页数: 237页
开本: 26cm
丛书名:
单 册:
中图分类: G804.2
科图分类:
主题词: 运动生理-生理学 , 生理学-运动生理
电子资源:
ISBN:
000 00795nam0 2200277 45
001 0185012197
005 20060810094401.79
010    @dCNY3.20
100    @a19951020d1985 em y0chiy0121 ea
101 1  @achi@ceng
102    @aCN@b110000
105    @ay z 000yy
200 10 @a实用运动生理学@Ashi yong yun dong sheng li xue@f(美)伯杰(Berge,R.A.)著@g周石译
210    @a北京@c人民出版社@d1985
215    @a237页@d26cm
300    @a其他题名:Applied Exercise Physiology
510 1  @aApplied Exercise Physiology@zeng
606    @a运动生理-生理学
606    @a生理学-运动生理
690    @aG804.2@v3
701 A1 @aBerge@bR.A.@4著
701  1 @a伯杰@bR.A.@4著@Abai jie
702  0 @a周石@4译@Azhou shi
801  2 @aCN@bNLC@c20060810
801  0 @aCN@bTSSF
905    @a10447@dG804.2@e168
    
    实用运动生理学/(美)伯杰(Berge,R.A.)著/周石译.-北京:人民出版社,1985
    237页;26cm
    其他题名:Applied Exercise Physiology
    
    ISBN :CNY3.20
    
●
相关链接 在E读中查询图书 在五车中查询图书 在当当中查询图书 在豆瓣中查询图书


正题名:实用运动生理学     索取号:G804.2/168         预约/预借

序号 登录号 条形码 馆藏地/架位号 状态 备注
1 0448326   204483264   密集书库/ [索取号:G804.2/168] 在馆    
2 0448327   204483273   密集书库/ [索取号:G804.2/168] 在馆    
唐山师范学院图书馆 欢迎您!
大连网信软件有限公司© 版权所有